| 000 | 00684nam a2200181 4500 | ||
|---|---|---|---|
| 008 | 040410s1984 -ch chi | ||
| 090 |
_aQ121 _bC44 |
||
| 100 | 1 | _a朱建正 Chu, Jien-Zhinh | |
| 245 | 1 | 0 |
_a形和數 Shapes and numbers {ch} _cJien-Zhinh Chu. |
| 260 |
_aTaipei ; _b圖文出版社 Tu-Wen Publishing, _c1984. |
||
| 300 |
_a30 p. : _bills. |
||
| 490 | 1 |
_a中國孩子的科學圖書館 Chinese Children Science Library Series _v23. |
|
| 650 | 4 | _aMathematics {ch}. | |
| 650 | 4 | _aNumeration {ch}. | |
| 650 | 4 |
_aScience _xEncyclopedias _xJuvenile{ch}. |
|
| 650 | 4 | _aShape tehory (topology){ch}. | |
| 951 |
_pC-5059 _x00028339 _oQ121/C44-23 _j070613111356062 _d2000-12-21 _cREF-CH |
||
| 999 |
_c20020 _d20020 |
||